000
00310nam a22001337a 4500
008
171024b xxu||||| |||| 00| 0 eng d
020
_a
0397545037
041
_a
eng
080
_a
311
100
_a
55
101
_a
STA
245
_a
STATISTICAL METHODS FOR HEALTH CARE RESEARCH
_c
MUNRO,B.H
942
_2
udc
_c
BK
999
_c
35662
_d
35662